1721 1672 1869 1824 1874 1460 1600 1948 1264 1708 1236 1704 1075 1546 1527 1480 1685 1278 1861 1777 1157 1646 1367 1579 1506 1468 1072 1671 1095 1465 1936 1870 1097 1174 1251 1693 1187 1165 1933 1186 1030 1180 1826 1251 1068 1544 1661 1624 1563 1716 1749 1222 1747 1491 1131 1117 1330 1264 1149 1076 1231 1222 1034 1650 1645 1410 1774 1330 1019 1200 1498 1311 1616 1984 1091 1984 1680 1214 1052 1311 1229 1090 1353 1524 1242 1523 1041 1567 1410 1423 1610 1823 1613 1004 1901 1361 1036 1134 1873 BCNSPRNW ULIB Ver.6.0+V

เปลี่ยนเป็นภาษาไทย

Change to English
 แสดงรายละเอียดบรรณานุกรม
  กลับหน้าหลัก

Brief Record : Get Marc (ISO 2709) : E-mail record : QR code < ปิดหน้าต่าง
LEADER : 00000nam 2200000uu 4500
001    13399120872
003     ULIB
008    121022s2552||||th 000 0 tha d
020    ^a9786167207001
082 04 ^aDS568^bร373ต 2552
100 0  ^aรัตนวุฒิ เนจริญรัมย์
245 10 ^aตลาดน้ำ (มหาชล) มนต์เสน่ห์ตลาดโบราณ /^cรัตนวุฒิ เนจริญรัมย์
250    ^aพิมพ์ครั้งที่ 2
260    ^aกรุงเทพฯ :^bG life,^c2552
300    ^a251 หน้า :^bภาพประกอบ, แผนที่
651  7 ^aตลาดน้ำ^xภูมิประเทศและการท่องเที่ยว
651  7 ^aตลาดน้ำ^xหนังสือนำเที่ยว
945    ^p245^l0^i16684
995    ^aกัณชพร
999 ^a ใช้งานได้ทุกระบบ
รายการนี้ยังไม่มีแท็ก
คุณยังไม่ได้ล็อกอิน คุณสามารถมีกิจกรรมร่วมกับเว็บไซต์ได้ แต่ต้องล็อกอินก่อน ::
  ล็อกอิน

รายการสื่อสารสนเทศ

ลำดับที่ ประเภท เลขเรียก/บาร์โค้ด สถานที่ สถานะ
1. วิทยาศาสตร์การแพทย์ และสุขภาพ
วิทยาศาสตร์การแพทย์ และสุขภาพ
DS568 ร373ต 2552  
  Barcode: 16684
ห้องสมุดวิทยาเขตสวรรค์ประชารักษ์
►หนังสือทั่วไป
บนชั้น

รายการใกล้เคียง
    ผู้แต่ง [รัตนวุฒิ เนจริญรัมย์]

BibComment


ยังไม่เคยถูกคอมเมนท์

คอมเมนท์ทรัพยากรรายการนี้
  คอมเมนท์: ตลาดน้ำ มหาชล มน..


 Copyright 2026. Bcnsprnw @Library